Football - Équipes entraînées par Thomas Tuchel - Statistiques

Statistiques générales
  • Ce quiz a été pris 84 fois
  • Le résultat moyen est 5 sur 6
Answers on the Grid
Answers color-coded by a green-red scale on the quiz's grid according to % correct below.
FSV Mayence
Manchester United
AJ Auxerre
Manchester City
Juventus de Turin
Al-Ittihad
Borussia Dortmund
AS Rome
Equipe d'Angleterre
Olympique de Marseille
Leicester City Football Club
Al-Rayyan
Liverpool Football Club
Chelsea FC
Tottenham Hotspur Football Club
AS Monaco
Paris Saint-Germain Football Club
Lazzio Rome
Olympique lyonnais
Bayern Munich
 
Statistiques - réponses
Réponse % Correct
Paris Saint-Germain Football Club
93%
Chelsea FC
81%
Bayern Munich
80%
Equipe d'Angleterre
75%
Borussia Dortmund
74%
FSV Mayence
65%
Aucun quiz correspondant
Distribution des résultats
% des personnes avec chaque résultat
Percentile par nombre de réponses
Votre historique - résultats
Vous n’avez pas pris ce quiz